Podnikateľský plán ako podklad získania finančných prostriedkov diplomová práca

Gespeichert in:
Bibliographische Detailangaben
1. Verfasser: Šiška, Marek
Körperschaft: Ekonomická univerzita v Bratislave. Fakulta podnikového manažmentu
Weitere Verfasser: Rybárová, Daniela, 1967-
Format: Buch
Sprache:Slowakisch
Veröffentlicht: Bratislava 2010
Tags: Tag hinzufügen
Keine Tags, Fügen Sie das erste Tag hinzu!

MARC

LEADER 00000nam a2200000 4500
001 0122459
005 20240318123111.2
041 0 |a slo 
044 |a SK 
245 1 0 |a Podnikateľský plán ako podklad získania finančných prostriedkov  |b diplomová práca  |c Marek Šiška ; škol. Daniela Rybárová 
264 1 |a Bratislava  |c 2010 
300 |a 82 s. 
100 1 |a Šiška, Marek 
700 1 |a Rybárová, Daniela, 1967- 
710 2 |a Ekonomická univerzita v Bratislave. Fakulta podnikového manažmentu